000 01048nam a22003257a 4500
001 BR8205566
003 BR-BrBNA
005 20230928091447.0
007 ta
008 230509b bl.||||| |||| 00| 0 por d
040 _aBR-BrBNA
_bpor
_cBiblioteca Nacional de Agricultura
041 _a(Por)
072 _aF25; F22
_b0110
_b/G514
090 _ 0110 BR8205566
100 1 _aCastilhos, E.G. de
110 1 _aUniversidade Federal de Santa Maria, RS (Brasil)
_0Dissertacao (Mestre em Agronomia)
_99701
245 1 _aInfluencia da reacao do solo na disponibilidade de calcio e magnesio para a cevada (Hordeum vulgare L.)em alguns solos do Rio Grande do Sul e Santa Catarina [Brasil]
260 3 _aSanta Maria, RS (Brasil):
_c1982.
300 _a66 p.
500 _aSummaries (Eng, Por)
650 _aACIDEZ DO SOLO
650 _aFERTILIDADE DO SOLO
650 _aCALCIO
650 _aMAGNESIO
650 _aCEVADA
650 _aRIO GRANDE DO SUL
650 _aSANTA CATARINA
909 _a202309
_bLucia
_c55
_dLucia Elande
942 _cBK
999 _c33957
_d33957